000
00477nam a2200145Ia 4500
008
090124s9999 xx 000 0 und d
082
_b
301418
245
_a
स्वप्न भंगले रात्री
250
_a
1
260
_b
रांगणेकर कुमुदिनी
_c
1985
300
_a
156
630
_a
स्वप्न भंगले रात्री
730
_a
स्वप्न भंगले रात्री
942
_c
BOOK
999
_c
190993
_d
190993